LIBRARY ONLINE CATALOGUE

African womanhood in colonial Kenya 1900-50. (Record no. 12804)

MARC details
000 -LEADER
fixed length control field 00611cam a22002052 4500
001 - CONTROL NUMBER
control field 0000003280
005 - DATE AND TIME OF LATEST TRANSACTION
control field 20151217155820.0
008 - FIXED-LENGTH DATA ELEMENTS--GENERAL INFORMATION
fixed length control field 070502s xx 000 0 eng d
020 ## - INTERNATIONAL STANDARD BOOK NUMBER
International Standard Book Number 0852554451 :
Terms of availability KES 2,635
040 ## - CATALOGING SOURCE
Original cataloging agency KABU
Transcribing agency KABU
050 #0 - LIBRARY OF CONGRESS CALL NUMBER
Classification number HQ1796.5
Item number .K36
100 1# - MAIN ENTRY--PERSONAL NAME
Personal name Kanogo, Tabitha.
-- 0000153058
245 10 - TITLE STATEMENT
Title African womanhood in colonial Kenya 1900-50.
260 ## - PUBLICATION, DISTRIBUTION, ETC. (IMPRINT)
Place of publication, distribution, etc. Nairobi :
Name of publisher, distributor, etc. EAEP,
Date of publication, distribution, etc. 2005.
300 ## - PHYSICAL DESCRIPTION
Extent x, 268 p.
650 #0 - SUBJECT ADDED ENTRY--TOPICAL TERM
Topical term or geographic name as entry element Women
Geographic subdivision Kenya.
General subdivision Social conditions
Chronological subdivision 20th century.
-- 0000153059
908 ## - PUT COMMAND PARAMETER (RLIN)
Put command parameter 070502
950 ## - LOCAL HOLDINGS (RLIN)
-- 1
Holdings
Withdrawn status Lost status Source of classification or shelving scheme Not for loan Home library Current library Date acquired Total Checkouts Full call number Barcode Checked out Date last seen Date last checked out Price effective from Koha item type
    Library of Congress Classification   Kabarak, Main Campus Kabarak, Main Campus 17/12/2015 5 HQ1796.5 .K36 002802 29/06/2026 12/06/2026 12/06/2026 17/12/2015 Africana Collection